000 00657nam a2200229Ia 4500
003 OSt
005 20221007071949.0
006 a|||||r|||| 00| 0
007 ta
008 221006b |||||||| |||| 00| 0 eng d
024 _a23,830
037 _cReference Collections
040 _aFLL
_cFLL
_beng
041 _2eng
_aeng
082 _aW:5, P7.71
100 _aTella Fernando Falcon y
_9689750
245 0 _aChallenges for human rights
260 _aLondon
_bMartinus Nijhoff Publishers Boston
_c2007
300 _axiv,137p
_ccm.
942 _hW:5, P7.71
_cREF
_2CC
999 _c1144803
_d1144803